|
|
|
|
| LEADER |
00000cam a2200000 a 4500 |
| 001 |
vtls008313026 |
| 003 |
SK-MaSNL |
| 005 |
20260301050428.0 |
| 008 |
251124s1972 xo oa e 00 0 slo |
| 015 |
|
|
|a SNBA1972/02-00594
|
| 035 |
|
|
|a SK01SNK19720005243
|
| 035 |
|
|
|a SKM000007706
|
| 040 |
|
|
|a SNK
|b slo
|c SNK
|e AACR2
|
| 041 |
0 |
|
|a slo
|
| 044 |
|
|
|a xo
|c SK
|
| 080 |
|
|
|a 746.3(035)
|2 1981
|
| 100 |
1 |
|
|a Mannová, Marta
|4 aut
|9 356053
|
| 245 |
1 |
0 |
|a Výšivky
|c Marta Mannová ; kresby Irena Kajzrová ; [fareb.] fot. Karol Kállay
|
| 260 |
|
|
|a Bratislava
|b Práca
|c 1972
|e Martin
|f Tlačiarne SNP
|
| 300 |
|
|
|a 159, [4] s.
|c 4°
|
| 490 |
0 |
|
|a Knižnica praktických príručiek Práce
|v zv. 1/72
|
| 563 |
|
|
|a 37000 výtl.
|
| 650 |
0 |
7 |
|a výšivky
|2 SNKPH
|9 3102
|
| 655 |
|
7 |
|a príručky
|2 SNKPH
|9 74364
|
| 700 |
1 |
|
|a Kajzrová, Irena
|4 ill
|9 61055
|
| 700 |
1 |
|
|a Kállay, Karol,
|d 1926-2012
|4 pht
|9 93736
|
| 830 |
|
0 |
|a Knižnica praktických príručiek Práce
|9 278892
|
| 852 |
|
|
|a Akadémia umení v Banskej Bystrici
|
| 852 |
|
|
|a Štátna vedecká knižnica v Banskej Bystrici
|
| 919 |
|
|
|a viaz.
|
| 958 |
|
|
|a OND
|
| 958 |
|
|
|a TL
|
| 958 |
|
|
|a RK
|
| 958 |
|
|
|a SV
|
| 999 |
|
|
|c 600914
|d 602844
|
| 952 |
|
|
|t P60, <04>, [BOOK], {604}
|a SNK
|b SNK
|y VYP
|7 0
|p 17A0074249
|o snkSB 18151 D1
|i snkKSP 2217/72
|0 0
|1 0
|4 0
|d 1997-06-26
|l 0
|r 2005-01-02 00:00:00
|w 2026-02-23
|
| 952 |
|
|
|a SNK
|b SNK
|y PREZ
|7 0
|p 17A0890048
|o snkSB 18151
|i snkKSP 2216/72
|0 0
|1 0
|4 0
|d 2012-07-24
|l 0
|r 2025-03-20 00:00:00
|w 2026-02-23
|